[Event "ch-IRI"]
[Site "Mashad IRI"]
[Date "2003.09.27"]
[Round "5"]
[White "Roghani,A"]
[Black "Ghorbani,M"]
[Result "0-1"]
[WhiteElo "2301"]
[BlackElo "2353"]

1.d4 d5 2.c4 dxc4 3.e3 Nf6 4.Bxc4 e6 5.Nf3 c5 6.O-O a6 7.Bd3 b5 8.a4 b4 9.Nbd2 Nbd7
10.Qe2 Bb7 11.Rd1 Be7 12.Nb3 cxd4 13.exd4 Bd5 14.Nbd2 Qc8 15.Nc4 O-O 16.Bg5 Qb7
17.Na5 Qa7 18.Ne5 Rfc8 19.Rac1 Rxc1 20.Rxc1 Bf8 21.Be3 Qb6 22.Nac6 Qb7 23.Na5 Qb6
24.Nac6 b3 25.f3 Qb7 26.f4 Nxe5 27.dxe5 Nd7 28.Nd4 Nc5 29.Bb1 Rd8 30.a5 Be4
31.Bxe4 Qxe4 32.Qf3 Qxf3 33.Nxf3 Nd3 34.Rd1 Rd5 35.Bb6 Bb4 36.Kf1 Nxb2 37.Rxd5 exd5
38.Nd4 Nd3 39.Nxb3 Nxf4 40.Bc5 Bc3 41.Bb6 Ne6 42.Nc1 Bxe5 43.Na2 Bd6 44.Ke2 f5
45.Kd3 Kf7 46.Nc3 Nf4+ 47.Kd4 Ke6 48.Na4 Nxg2 49.Nc5+ Bxc5+ 50.Kxc5 Ke5 51.Bc7+ Ke4
52.Kb6 d4 53.Bd6 f4 54.Kxa6 f3  0-1

[Event "7th Itau Cup"]
[Site "Sao Paulo BRA"]
[Date "2003.09.29"]
[Round "3"]
[White "Rouanet,L"]
[Black "Batista,R1"]
[Result "0-1"]
[WhiteElo "2071"]
[BlackElo "2233"]

1.d4 d5 2.Nf3 Nf6 3.c4 dxc4 4.e3 e6 5.Bxc4 c5 6.O-O a6 7.Bb3 b5 8.dxc5 Qxd1
9.Rxd1 Bxc5 10.Bd2 Bb7 11.Nc3 Nc6 12.Rac1 Bb6 13.Be1 O-O 14.Bc2 Rfd8 15.Ne4 Nd5
16.Bb1 Nce7 17.Nc5 Bc6 18.Ne5 Be8 19.Nb7 Rdc8 20.Rxc8 Nxc8 21.Ba5 f6 22.Nf3 Bxa5
23.Nxa5 Nce7 24.e4 Nc7 25.e5 f5 26.Ng5 h6 27.Rc1 Rd8 28.Nf3 g5 29.h3 Ncd5
30.Nb7 Ra8 31.a3 Bc6 32.Nc5 Kf7 33.Nd4 Nf4 34.Nd3 Nxd3 35.Bxd3 Bd5 36.Rc7 Rc8
37.Rxc8 Nxc8 38.a4 Bc4 39.Bxc4 bxc4 40.a5 Na7 41.Kf1 Ke7 42.Ke1 Kd7 43.Kd2 Nc6
44.Nxc6 Kxc6 45.Kc3 Kc5 46.g4 f4 47.f3 Kd5 48.b3 cxb3 49.Kxb3 Kxe5 50.Kc4 Kd6
51.Kd4 e5+ 52.Ke4 Ke6  0-1

[Event "2nd League TCh-SCG"]
[Site "Belgrade SCG"]
[Date "2003.10.05"]
[Round "9"]
[White "Ostojic,N"]
[Black "Kocic,S"]
[Result "1/2-1/2"]
[WhiteElo "2425"]
[BlackElo "2283"]

1.d4 d5 2.c4 e6 3.Nf3 dxc4 4.e3 c5 5.Bxc4 Nf6 6.O-O a6 7.a4 Nc6 8.Nc3 Be7
9.Qe2 cxd4 10.Rd1 O-O 11.Nxd4 Nxd4 12.Rxd4 Qc7 13.b3 Bd7 14.Bb2 Bc6 15.Rad1 Rfd8
16.Rxd8+ Rxd8 17.Rxd8+  1/2-1/2

[Event "Arctic Cup u16"]
[Site "Salekhard RUS"]
[Date "2003.10.08"]
[Round "5"]
[White "Figura,L"]
[Black "Dzhabrailova,I"]
[Result "1-0"]
[WhiteElo "2161"]
[BlackElo "2180"]

1.d4 d5 2.c4 dxc4 3.Nf3 Nf6 4.e3 e6 5.Bxc4 c5 6.O-O a6 7.a4 Nc6 8.Qe2 cxd4
9.Rd1 Be7 10.exd4 O-O 11.Nc3 Nd5 12.Ne5 Nxe5 13.Bxd5 Nc6 14.Bxc6 bxc6 15.Qe4 Bd7
16.Bf4 a5 17.Qc2 f5 18.Ne2 Ra7 19.Nc1 Qb6 20.Nd3 Bf6 21.Be5 Bxe5 22.dxe5 Bc8
23.Nc5 Rd8 24.Rxd8+ Qxd8 25.Rd1 Qh4 26.g3 Qe7 27.Rd6 Rc7 28.Qd2 h6 29.Qxa5 g5
30.Qa8 Qe8 31.Nxe6 Re7 32.Rd8  1-0

[Event "zt 3.1a"]
[Site "Dubai UAE"]
[Date "2003.10.09"]
[Round "6"]
[White "Hassan,Ab"]
[Black "Tayeb,S"]
[Result "1-0"]
[WhiteElo "2359"]
[BlackElo "2241"]

1.d4 d5 2.Nf3 Nf6 3.c4 dxc4 4.e3 c5 5.Bxc4 e6 6.O-O a6 7.b3 Nc6 8.Bb2 cxd4
9.Nxd4 Bd7 10.Nd2 Be7 11.N2f3 O-O 12.Rc1 Rc8 13.Qe2 Qa5 14.a3 Qh5 15.b4 Rfd8
16.Rfd1 Nxd4 17.Rxd4 Bc6 18.Rxd8+ Rxd8 19.Nd4 Qxe2 20.Bxe2 Bd7 21.Rc7 Bc8
22.Rxe7 Nd5 23.Nxe6 Bxe6 24.Rxb7 f6 25.Bd4 a5 26.bxa5 Rc8 27.h3  1-0

[Event "29th Guernsey Open"]
[Site "Les Dicqs GCI"]
[Date "2003.10.19"]
[Round "1"]
[White "Ozanne,M"]
[Black "Eckersley Waites,T"]
[Result "0-1"]
[WhiteElo "2162"]
[BlackElo "2133"]

1.d4 d5 2.c4 dxc4 3.Nf3 Nf6 4.e3 e6 5.Bxc4 c5 6.O-O a6 7.e4 b5 8.Bb3 Nxe4
9.Re1 Nf6 10.Nc3 cxd4 11.Nxd4 Be7 12.Qf3 Ra7 13.Be3 Rb7 14.Rad1 Qa5 15.Qg3 b4
16.Nce2 Bd7 17.Rc1 O-O 18.Bh6 Ne8 19.Bf4 Qb6 20.Bc2 Bf6 21.Qd3 g6 22.Bh6 Bg7
23.Bxg7 Kxg7 24.h4 e5 25.Nf3 Nc6 26.Ng3 Qa5 27.h5 Nf6 28.hxg6 hxg6 29.Nh4 Be8
30.Ngf5+ Kg8 31.Nd6 Rd7 32.Qe3 Rxd6 33.Nf5 gxf5 34.Qg5+ Kh8 35.Re3 Nh7 36.Rh3 Nd4
37.Qh5 Kg7 38.Qxh7+ Kf6 39.Qh4+ Ke6 40.Qh6+ Ke7 41.Qh4+ Kd7 42.Qg5 Ne2+  0-1

[Event "9th Medunarodni"]
[Site "Tuzla BIH"]
[Date "2003.10.19"]
[Round "3"]
[White "Pataki,G"]
[Black "Budimir,Bor"]
[Result "1-0"]
[WhiteElo "2367"]
[BlackElo "2250"]

1.d4 d5 2.c4 dxc4 3.Nf3 Nf6 4.e3 c5 5.Bxc4 e6 6.O-O cxd4 7.exd4 Be7 8.Nc3 O-O
9.Bg5 Nc6 10.Rc1 Nb4 11.Re1 Nfd5 12.Bd2 Nb6 13.Bf1 Nc6 14.Bf4 Nd5 15.Bg3 Nf6
16.Bh4 Re8 17.a3 a6 18.Na4 Nd5 19.Bxe7 Ncxe7 20.Ne5 Ng6 21.Bc4 Nb6 22.Nxb6 Qxb6
23.Rc2 Nxe5 24.dxe5 Rd8 25.Rd2 Rxd2 26.Qxd2 g6 27.Rd1 Qc7 28.Qd8+ Qxd8 29.Rxd8+ Kg7
30.Bd3 g5 31.Re8 h6 32.h3 f5 33.exf6+ Kxf6 34.Rh8 Ke5 35.Kh2 b5 36.Rxh6 Bd7
37.Rg6 Kf4 38.g3+ Kf3 39.Rf6+  1-0

[Event "WYb14"]
[Site "Halkidiki GRE"]
[Date "2003.10.25"]
[Round "3"]
[White "Khairullin,I"]
[Black "Warakomski,T"]
[Result "1-0"]
[WhiteElo "2455"]
[BlackElo "2223"]

1.d4 d5 2.c4 dxc4 3.Nf3 Nf6 4.e3 e6 5.Bxc4 c5 6.O-O a6 7.Bd3 Nc6 8.a3 b5
9.dxc5 Bxc5 10.b4 Be7 11.Bb2 Bb7 12.Qe2 O-O 13.Nbd2 Nd7 14.Rfd1 Bf6 15.Ne4 Bxb2
16.Qxb2 Qe7 17.Nd6 Nb6 18.Rac1 f5 19.Nxb7 Qxb7 20.e4 Rac8 21.Qb3 Qf7 22.Rxc6 Rxc6
23.Ne5 Qc7 24.Nxc6 Qxc6 25.exf5 Nc4 26.fxe6 Qxe6 27.a4 Kh8 28.axb5 axb5 29.Qc2 h6
30.Qe2 Qg8 31.Bg6 Rf6 32.Qe8 Nd6 33.Qxg8+ Kxg8 34.Bc2 Kf7 35.g3 Ke7 36.Ra1 Ke6
37.h4 Kd5 38.Ra7 g5 39.hxg5 hxg5 40.Rc7 Kd4 41.Rc5 Re6 42.Rxg5 Kc3 43.Rg6 Re1+
44.Kg2 Nc4 45.Bf5 Kxb4 46.Re6 Rd1 47.g4 Kc3 48.f4 Rd7 49.g5 Rg7 50.Kg3 b4
51.Rc6 Kd4 52.Be6 Ne3 53.Rb6 Nc2 54.Kg4 Kc5 55.Rb8 Nd4 56.f5 Nxe6 57.fxe6 Kd5
58.Kf5 Rc7 59.Rd8+ Kc4 60.Kf6 b3 61.e7  1-0

[Event "300 Years"]
[Site "St Petersburg RUS"]
[Date "2003.10.25"]
[Round "8"]
[White "Biriukov,O"]
[Black "Anisimov,P"]
[Result "1/2-1/2"]
[WhiteElo "2362"]
[BlackElo "2445"]

1.d4 d5 2.c4 dxc4 3.Nf3 Nf6 4.e3 e6 5.Bxc4 c5 6.O-O a6 7.Bb3 Nc6 8.Nc3 cxd4
9.exd4 Be7 10.Bg5 O-O 11.Qd2 h6 12.Bf4 Re8 13.Rad1 Bf8 14.d5  1/2-1/2

[Event "18th Open"]
[Site "Le Touquet FRA"]
[Date "2003.10.27"]
[Round "2"]
[White "Roeder,M"]
[Black "Michiels,B"]
[Result "1/2-1/2"]
[WhiteElo "2458"]
[BlackElo "2390"]

1.d4 d5 2.c4 dxc4 3.Nf3 Nf6 4.e3 e6 5.Bxc4 c5 6.O-O a6 7.dxc5 Qxd1 8.Rxd1 Bxc5
9.Nbd2 O-O 10.b3 b6 11.Be2 Rd8 12.Bb2 Bb7 13.Ne5 Nbd7 14.Nd3 Be7 15.Nc4 Rac8
16.Rac1 b5 17.Na5  1/2-1/2

[Event "3rd Rohde Open"]
[Site "Sautron FRA"]
[Date "2003.10.27"]
[Round "3"]
[White "Makarov,M"]
[Black "Prasad,D"]
[Result "1-0"]
[WhiteElo "2517"]
[BlackElo "2409"]

1.Nf3 d5 2.d4 Nf6 3.c4 dxc4 4.e3 e6 5.Bxc4 c5 6.O-O a6 7.b3 b5 8.Be2 Bb7
9.a4 b4 10.Bb2 Nbd7 11.Nbd2 Be7 12.Nc4 O-O 13.Nfe5 cxd4 14.Bxd4 Nxe5 15.Bxe5 Nd7
16.Bf3 Bxf3 17.Qxf3 Nxe5 18.Nxe5 Qc7 19.Nc6 Bf6 20.Rac1 Rac8 21.Rc4 Qb6 22.Rfc1 Kh8
23.g3 Bc3 24.Rd1 Rc7 25.Rd6 Re8 26.Qf4 h6 27.Nd4 Qb8 28.Rxc7 Qxc7 29.Rxe6 Qd7
30.Rxa6 Bxd4 31.Qxd4 Qxd4 32.exd4 Re1+ 33.Kg2 Rb1 34.Rb6 Rxb3 35.d5 Rd3 36.d6 b3
37.a5 b2 38.Rxb2 Rxd6 39.Ra2 Ra6 40.Kf3 Kg8 41.Ke4 Kf8 42.Kd5 Ke7 43.Kc5 Kd7
44.Kb5 Ra8 45.a6 Kc7 46.a7 Kb7 47.h4 h5 48.Ra3 g6 49.Ra4  1-0

[Event "ch-UKR"]
[Site "Simferopol UKR"]
[Date "2003.11.04"]
[Round "1"]
[White "Kurbetdinov,R"]
[Black "Myshakov,F"]
[Result "1-0"]
[WhiteElo "2409"]
[BlackElo "2178"]

1.d4 d5 2.c4 dxc4 3.e3 e6 4.Bxc4 c5 5.Nf3 Nf6 6.O-O a6 7.Qe2 b5 8.Bd3 c4
9.Bc2 Bb7 10.a4 Be7 11.axb5 axb5 12.Rxa8 Bxa8 13.b3 Bd5 14.Na3 Qa5 15.e4 Bxe4
16.Bxe4 Bxa3 17.d5 Bxc1 18.Rxc1 Qa3 19.Rb1 exd5 20.Bxd5+ Qe7 21.Qd2 O-O 22.bxc4 bxc4
23.Bxc4 Qc5 24.Qa2 Nbd7 25.Rb5 Qd6 26.h3 h6 27.Nh4 Qf4 28.Ng6 Qc1+ 29.Kh2 Rc8
30.Ne7+  1-0

[Event "ch-UKR"]
[Site "Simferopol UKR"]
[Date "2003.11.06"]
[Round "3"]
[White "Vasilevich,T"]
[Black "Tishin,D"]
[Result "1/2-1/2"]
[WhiteElo "2425"]
[BlackElo "2334"]

1.d4 d5 2.c4 dxc4 3.Nf3 Nf6 4.e3 e6 5.Bxc4 c5 6.O-O a6 7.Bb3 Nc6 8.Nc3 Be7
9.Qe2 cxd4 10.Rd1 O-O 11.exd4 Na5 12.Bc2 b5 13.Bg5 Bb7 14.Ne5 Rc8 15.Rac1 b4
16.Na4 Bd5 17.Qxa6 b3 18.axb3 Nxb3 19.Bxb3 Bxb3 20.Nc6 Rxc6 21.Qxc6 Bxd1
22.Rxd1 Qb8 23.Nb6 Rd8 24.g3 Nd5 25.Bxe7 Nxe7 26.Qc5 Nd5 27.Nxd5 Rxd5 28.Qc4 Qd8
29.Ra1 h6 30.Ra4 Qb6 31.Ra8+ Kh7 32.Qc2+ f5 33.Ra4 Rb5 34.Qc4 Rxb2 35.Ra6 Qb7
36.Qc6 Qxc6 37.Rxc6 Rd2 38.Rxe6  1/2-1/2

[Event "ch-UKR"]
[Site "Simferopol UKR"]
[Date "2003.11.10"]
[Round "7"]
[White "Kuzubov,Y"]
[Black "Tarlev,K"]
[Result "1-0"]
[WhiteElo "2441"]
[BlackElo "2341"]

1.d4 d5 2.c4 dxc4 3.Nf3 Nf6 4.e3 e6 5.Bxc4 c5 6.O-O a6 7.Bb3 b5 8.a4 Bb7
9.axb5 axb5 10.Rxa8 Bxa8 11.Qe2 c4 12.Bc2 Nbd7 13.b3 cxb3 14.Bxb3 b4 15.Nbd2 Be7
16.e4 O-O 17.Bb2 Qb8 18.Ra1 Bc6 19.Bc4 Re8 20.h3 Bf8 21.Bd3 Qb7 22.Rc1 h6
23.h4 Ra8 24.Bb1 Bb5 25.Qe3 Rc8 26.Re1 Be7 27.d5 Bc5 28.Bd4 Ng4 29.Qf4 Bxd4
30.Qxg4 e5 31.Nxd4 exd4 32.d6 Ne5 33.Qg3 Nc4 34.Nxc4 Bxc4 35.e5 b3 36.Qg4 Be6
37.Qxd4 b2 38.Qd2 Qb3 39.Kh2 Bd7 40.h5 Rc4 41.f4 Rc3 42.Qd4 Rh3+ 43.Kg1 Rxh5
44.Re3 Qb5 45.Qd3 Qxd3 46.Rxd3 f6 47.Rb3 Kf7 48.Rxb2 fxe5  1-0

[Event "FSGM November"]
[Site "Budapest HUN"]
[Date "2003.11.12"]
[Round "12"]
[White "Szeberenyi,A"]
[Black "Sarakauskas,G"]
[Result "1/2-1/2"]
[WhiteElo "2417"]
[BlackElo "2428"]

1.d4 d5 2.c4 dxc4 3.e3 Nf6 4.Bxc4 e6 5.Nf3 c5 6.O-O a6 7.Bb3 Nc6 8.Qe2 cxd4
9.Rd1 Be7 10.Nc3 O-O  1/2-1/2

[Event "British Rapidplay"]
[Site "Halifax ENG"]
[Date "2003.11.16"]
[Round "9"]
[White "Lalic,B"]
[Black "Mannion,S"]
[Result "1/2-1/2"]
[WhiteElo "2503"]
[BlackElo "2348"]

1.d4 d5 2.c4 dxc4 3.Nf3 Nf6 4.e3 e6 5.Bxc4 c5 6.O-O a6 7.Bb3 b5 8.a4 b4 9.Nbd2 Bb7
10.e4 cxd4 11.e5 Nd5 12.Nc4 Nc6 13.Bg5 Qd7 14.Re1 Bc5 15.Nfd2 O-O 16.Ne4 Be7
17.Qg4 Bxg5 18.Nxg5 Qe7 19.Rad1 h6 20.Ne4 Kh8 21.Rd3 f5 22.exf6 Nxf6 23.Nxf6 Rxf6
24.Nb6 Rd8 25.Nd5 Ne5 26.Rxe5 Bxd5 27.Qxd4 Qf7 28.g3 Rf5 29.f4 Qg6 30.Rxf5 Qxf5
31.Qe3 Rc8 32.Bxd5 exd5 33.Qd2 Rc5  1/2-1/2

[Event "TCh-SLO"]
[Site "Celje SLO"]
[Date "2003.11.21"]
[Round "6"]
[White "Zaja,I"]
[Black "Hulak,K"]
[Result "1/2-1/2"]
[WhiteElo "2427"]
[BlackElo "2557"]

1.d4 d5 2.c4 dxc4 3.Nf3 Nf6 4.e3 e6 5.Bxc4 c5 6.O-O a6 7.dxc5 Qxd1 8.Rxd1 Bxc5
9.Nbd2 b5 10.Be2 Nbd7 11.Nb3 Bb6 12.Bd2  1/2-1/2

[Event "Fakel Jamala"]
[Site "Noyabrsk RUS"]
[Date "2003.11.24"]
[Round "7"]
[White "Yakovich,Y"]
[Black "Reutsky,S"]
[Result "1-0"]
[WhiteElo "2573"]
[BlackElo "2341"]

1.d4 d5 2.c4 dxc4 3.Nf3 Nf6 4.e3 e6 5.Bxc4 c5 6.Qe2 a6 7.dxc5 Bxc5 8.O-O b5
9.Bd3 Nc6 10.Nbd2 O-O 11.Nb3 Bb6 12.Rd1 Qe7 13.a4 bxa4 14.Rxa4 Nb4 15.Bc4 a5
16.Bd2 Bb7 17.Bc3 Rfc8 18.Rda1 Qc7 19.Bb5 Ng4 20.h3 Bxf3 21.Qxf3 Qh2+ 22.Kf1 Ne5
23.Qf4 Qxf4 24.exf4 Ned3 25.Nxa5 Nc2 26.Nc6 Nxa1 27.Ne7+ Kf8 28.Nxc8 Rxa4
29.Bxa4  1-0

[Event "IM"]
[Site "Varazdin CRO"]
[Date "2003.11.27"]
[Round "11"]
[White "Maras,M"]
[Black "Fancsy,I"]
[Result "0-1"]
[WhiteElo "2289"]
[BlackElo "2409"]

1.Nf3 d5 2.d4 Nf6 3.e3 c5 4.c4 dxc4 5.Bxc4 e6 6.Nc3 a6 7.a4 Nc6 8.O-O Be7
9.b3 O-O 10.Bb2 b6 11.Ne5 Bb7 12.Nxc6 Bxc6 13.Qe2 cxd4 14.exd4 Qc8 15.d5 exd5
16.Nxd5 Nxd5 17.Bxd5 Bxd5 18.Qxe7 Qg4 19.f3 Qg6 20.Rae1 Bxb3 21.Re3 Bxa4
22.Ra3 Bb5 23.Rc1 Rae8 24.Qb4 Re2 25.g3 Qh6 26.h4 Rfe8 27.Qd4 Rd2 28.Qc3 Rd3
29.Qxd3 Bxd3 30.Rxd3 Qg6 31.Rd2 Qxg3+ 32.Rg2 Re1+ 33.Rxe1 Qxe1+ 34.Kh2 Qxh4+
35.Kg1 f6 36.Rg4 Qe1+ 37.Kh2 Qf2+  0-1

[Event "Fakel Jamala"]
[Site "Noyabrsk RUS"]
[Date "2003.11.28"]
[Round "11"]
[White "Potapov,A1"]
[Black "Reutsky,S"]
[Result "0-1"]
[WhiteElo "2513"]
[BlackElo "2341"]

1.d4 d5 2.c4 dxc4 3.Nf3 Nf6 4.e3 e6 5.Bxc4 c5 6.Qe2 a6 7.dxc5 Bxc5 8.O-O b5
9.Bd3 Nc6 10.Nbd2 O-O 11.Nb3 Bb6 12.Rd1 Qe7 13.a4 bxa4 14.Rxa4 Nb4 15.Bc4 a5
16.Bd2 Bb7 17.Rda1 Nc2 18.Rc1 Nb4 19.Be1 Rfc8 20.h3 Ne4 21.Rca1 Nc5 22.Bxb4 axb4
23.Rxa8 Rxa8 24.Rxa8+ Bxa8 25.Nxc5 Qxc5 26.b3 Kf8 27.Qd1 Ke7 28.Qd4 Qxd4
29.exd4 g6 30.Kf1 Kd6 31.Ke2 f6 32.Kd3 g5 33.Ne1 e5 34.dxe5+ Kxe5 35.Ke2 Kd4
36.g3 Kc3 37.Nf3 Be4 38.Nd2 Bc2 39.f4 gxf4 40.gxf4 Bc7  0-1

[Event "ch-IND National A"]
[Site "Calicut IND"]
[Date "2003.12.04"]
[Round "2"]
[White "Koneru,H"]
[Black "Ganguly,S"]
[Result "1/2-1/2"]
[WhiteElo "2485"]
[BlackElo "2531"]

1.d4 d5 2.Nf3 Nf6 3.c4 dxc4 4.e3 e6 5.Bxc4 c5 6.O-O a6 7.a4 Nc6 8.Qe2 Qc7
9.Rd1 Bd6 10.dxc5 Bxc5 11.b3 b6 12.Bb2 Bb7 13.Nbd2 Qe7 14.Ng5 Nb4 15.Rac1 Na2
16.Ra1 Nb4 17.Rac1 Na2 18.Ra1 Nb4  1/2-1/2

[Event "TCh-CZE Extraliga 2003-4"]
[Site "Czech Rep CZE"]
[Date "2003.12.06"]
[Round "3"]
[White "Chytilek,R"]
[Black "Talla,V"]
[Result "1/2-1/2"]
[WhiteElo "2418"]
[BlackElo "2367"]

1.Nf3 d5 2.d4 Nf6 3.c4 dxc4 4.e3 e6 5.Bxc4 c5 6.O-O a6 7.Bb3 b5 8.a4 b4 9.Qe2 Bb7
10.a5 Nbd7 11.Nbd2 Be7 12.Nc4 O-O 13.Rd1 Qc7 14.Bd2 Bd5 15.Rdc1 Qb7 16.Ba4 Rad8
17.Nce5 Nxe5 18.Nxe5 cxd4 19.Bc6 Bxc6 20.Nxc6 Rd5 21.Nxd4 Rc8 22.Rxc8+ Qxc8  1/2-1/2

[Event "ch-GRE w"]
[Site "Aspropyrgos GRE"]
[Date "2003.12.07"]
[Round "9"]
[White "Grapsa,G"]
[Black "Ikonomopoulou,M"]
[Result "1/2-1/2"]
[WhiteElo "2082"]
[BlackElo "2039"]

1.d4 d5 2.c4 dxc4 3.e3 Nf6 4.Bxc4 e6 5.Nf3 c5 6.O-O a6 7.a3 Nc6 8.Nc3 cxd4
9.exd4 Be7 10.Re1 O-O 11.Bg5 b5 12.Bd3 Bb7 13.Rc1 Rc8 14.b4 Re8 15.Qd2 Qb6
16.Bxf6 Bxf6 17.Ne4 Bxd4 18.Nd6 Ne5 19.Rxc8 Rxc8 20.Nxc8 Nxf3+ 21.gxf3 Bxc8
22.Rc1 Bd7 23.Qc2 g6 24.Kg2 e5 25.Qc7 Qf6 26.Be4 Qg5+ 27.Kh1 Bh3 28.Rg1 Qf4
29.Qd8+ Kg7 30.Qg5 Bxf2 31.Qxf4 exf4 32.Rc1 Bd4 33.Rc6 Bb2 34.Rxa6 Bf1 35.Bd5 f5
36.Ra7+ Kf6 37.a4 bxa4 38.Rxa4 Ke5 39.Bc6 Kd6 40.b5 Kc5 41.Rxf4 Bxb5 42.Bxb5 Kxb5
43.Rh4 h5 44.Kg2 Bf6 45.Rf4 Be5 46.Rh4 Bf6 47.Kh3 Bxh4 48.Kxh4 Kc4 49.Kg5 Kd4  1/2-1/2

[Event "22nd SEA Games Standard"]
[Site "Ho Chi Minh City VIE"]
[Date "2003.12.08"]
[Round "1"]
[White "Dao Thien Hai"]
[Black "Kyaw Kyaw Soe"]
[Result "1-0"]
[WhiteElo "2590"]
[BlackElo "2376"]

1.d4 d5 2.c4 dxc4 3.Nf3 Nf6 4.e3 e6 5.Bxc4 c5 6.Qe2 a6 7.dxc5 Bxc5 8.e4 b5
9.Bd3 Nbd7 10.e5 Nd5 11.O-O Be7 12.Rd1 Bb7 13.Bd2 Qb6 14.Nc3 Nxc3 15.Bxc3 Bd5
16.Be4 Bxe4 17.Qxe4 Rd8 18.Bd4 Qb8 19.Qc6 Qc8 20.Rdc1 O-O 21.h3 Rfe8 22.a3 h6
23.Rc3 Qxc6 24.Rxc6 Nb8 25.Rc7 Rc8 26.Rac1 Rxc7 27.Rxc7 Kf8 28.Ba7 a5 29.Nd4 Na6
30.Rc6 Nb8 31.Rb6 Nd7 32.Rxb5 a4 33.Ne2 Rc8 34.Bd4 f6 35.exf6 gxf6 36.Nc3 Rc4
37.Ne2 Rc2 38.Kf1 Rc4 39.Be3 h5 40.Rxh5 e5 41.Rh8+ Kf7 42.Ra8 f5 43.f4 e4  1-0

[Event "RUS-UKR Blitz g/3"]
[Site "bereg.ru INT"]
[Date "2003.12.14"]
[Round "3"]
[White "Virovlansky,S"]
[Black "Drozdovskij,Y"]
[Result "1/2-1/2"]
[WhiteElo "2438"]
[BlackElo "2454"]

1.d4 d5 2.c4 dxc4 3.Nf3 Nf6 4.e3 e6 5.Bxc4 c5 6.O-O Nc6 7.Nc3 cxd4 8.exd4 Be7
9.Bg5 O-O 10.Qd2 Nb4 11.Rfe1 b6 12.a3 Nbd5 13.Nxd5 exd5 14.Bd3 h6 15.Bh4 Be6
16.Ne5 Ne4 17.Bxe7 Nxd2 18.Bxd8 Rfxd8 19.Rad1 Nc4 20.Re2 Rac8 21.h3 Nxe5
22.Rxe5 Rc6 23.f4 f6 24.Re3 Bf7 25.Re7 a5 26.Rb7 Rdc8 27.Kh2 R8c7 28.Rb8+ Rc8
29.Rxc8+ Rxc8 30.Kg3 g5 31.Kf3 Kg7 32.g4 Bg6 33.f5 Be8 34.Re1 Kf7 35.Re6 Rc6
36.Rxe8 Kxe8 37.Bb5 Kd7 38.Ke3 Kd6 39.Bxc6 Kxc6 40.a4 b5 41.b3 b4 42.Kd3 Kd6  1/2-1/2

[Event "Harmonie"]
[Site "Groningen NED"]
[Date "2003.12.21"]
[Round "1"]
[White "Werle,J"]
[Black "Dambacher,M"]
[Result "1-0"]
[WhiteElo "2409"]
[BlackElo "2419"]

1.Nf3 d5 2.d4 Nf6 3.c4 dxc4 4.e3 e6 5.Bxc4 c5 6.O-O a6 7.a4 Nc6 8.Qe2 cxd4
9.Rd1 Be7 10.exd4 O-O 11.Nc3 Nb4 12.Ne5 b6 13.Qf3 Nfd5 14.Nxd5 exd5 15.Bb3 Be6
16.Bd2 f6 17.Ng4 Nc6 18.Bc3 Qd7 19.Re1 Bf7 20.Bc2 Bg6 21.Bxg6 hxg6 22.Ne3 Rad8
23.Qe2 Ra8 24.Qc2 f5 25.Nf1 b5 26.b3 b4 27.Bb2 Bf6 28.Qd3 Qa7 29.Red1 Rfe8
30.Rac1 Qb6 31.Rc5 Rad8 32.a5 Nxa5 33.Ne3 Nb7 34.Rxd5 Nd6 35.Rc5 Nb5 36.Qc4+ Kh8
37.Rc6 Qb7 38.Nd5 Nd6 39.Qxa6 Qxa6 40.Rxa6 Nb5  1-0

[Event "Harmonie"]
[Site "Groningen NED"]
[Date "2003.12.23"]
[Round "3"]
[White "Li Wenliang"]
[Black "Michiels,B"]
[Result "1-0"]
[WhiteElo "2477"]
[BlackElo "2390"]

1.d4 d5 2.c4 dxc4 3.e3 Nf6 4.Bxc4 e6 5.Nf3 c5 6.O-O a6 7.a4 Nc6 8.Qe2 Be7
9.Rd1 Qb6 10.b3 cxd4 11.exd4 O-O 12.Nc3 Rd8 13.Bb2 Nd5 14.Ne5 Nxc3 15.Bxc3 Nxe5
16.Qxe5 Bf6 17.Ba5 Qc6 18.Qc7 Qxc7 19.Bxc7 Rxd4 20.Rxd4 Bxd4 21.Rd1 Bf6 22.a5 Kf8
23.Be2 Ke8 24.Bf3 Bd7 25.Rc1 Bd8 26.Bxb7 Ra7 27.Bxd8 Kxd8 28.Be4 Bb5 29.h4 h6
30.Bc6 Bxc6 31.Rxc6 Kd7 32.Rb6 Kc7 33.Kh2 Rb7 34.Rxa6 Rxb3 35.Ra7+ Rb7 36.Ra8 Rb4
37.Kg3 Kd7 38.Ra7+ Ke8 39.a6 Ra4 40.h5 Kf8 41.Kf3 g6 42.hxg6 fxg6 43.Ke3 h5
44.f4 Kg8 45.Kd3 h4 46.Kc3 g5 47.fxg5 e5 48.Kd3 Kh8 49.g6 Kg8 50.Ke3 Kh8
51.Rh7+ Kg8 52.a7  1-0

[Event "Harmonie"]
[Site "Groningen NED"]
[Date "2003.12.24"]
[Round "4"]
[White "Dambacher,M"]
[Black "Michiels,B"]
[Result "1/2-1/2"]
[WhiteElo "2419"]
[BlackElo "2390"]

1.d4 d5 2.c4 dxc4 3.Nf3 Nf6 4.e3 e6 5.Bxc4 c5 6.O-O a6 7.a4 Nc6 8.Qe2 Qb6
9.Rd1 Be7 10.Nc3 O-O 11.Ne5 Rd8 12.Nxc6 Qxc6 13.dxc5 Rxd1+ 14.Nxd1 Bxc5 15.Bd2 Bd7
16.b4 Bd6 17.b5 axb5 18.axb5 Qc8 19.Rxa8 Qxa8 20.Bc3 Qb8 21.Bxf6 gxf6 22.Qg4+ Kf8
23.g3 Qa7 24.Kg2 Qc5 25.Qe2 f5 26.Nc3 Qa3 27.Qd2 Ke7 28.Ne2 Qc5 29.Qd3 Qe5
30.Nc3 Bb4 31.Na2 Bc5 32.Nc3 Bd6 33.Kg1 Kd8 34.Kf1 Kc7 35.Ke2 b6 36.f4 Qc5
37.e4 fxe4 38.Nxe4 Qh5+ 39.Kf1 Be7 40.Qc3 Kb7 41.Qd3 Kc7 42.Qc3 Qd1+ 43.Kf2 Kb7
44.Be2 Qh1 45.Bf3 Qxh2+ 46.Bg2 Kb8 47.Qh8+ Kc7 48.Qe5+ Kc8 49.Qh8+ Kc7 50.Qa8 Qh5
51.Qa7+ Kc8 52.Qa6+ Kc7 53.Qa7+  1/2-1/2

[Event "Christmas Open"]
[Site "Zurich SUI"]
[Date "2003.12.27"]
[Round "3"]
[White "Savchenko,S"]
[Black "Raetsky,A"]
[Result "1-0"]
[WhiteElo "2563"]
[BlackElo "2422"]

1.d4 d5 2.c4 dxc4 3.Nf3 Nf6 4.e3 e6 5.Bxc4 c5 6.O-O Nc6 7.Qe2 cxd4 8.Rd1 Be7
9.exd4 O-O 10.a3 b6 11.Nc3 Na5 12.Ba2 Nd5 13.Nxd5 exd5 14.Ne5 Bb7 15.Bf4 Rc8
16.Rac1 Rxc1 17.Rxc1 Bd6 18.Qf3 b5 19.Rd1 Nc4 20.Nxc4 Bxf4 21.Ne5 Bg5 22.g3 g6
23.h4 Be7 24.h5 Qd6 25.Kg2 Bg5 26.Re1 b4 27.Qg4 Bh6 28.Qd7 Qb6 29.hxg6 hxg6
30.Bxd5 Bxd5+ 31.Qxd5 bxa3 32.bxa3 Bg7 33.Nd7 Qd8 34.Qc6 Qa5 35.Rh1 Rd8 36.d5 Qxa3
37.Nf6+ Kf8 38.Re1 Bh6 39.Re8+ Rxe8 40.Qxe8+ Kg7 41.Qe5 Kf8 42.d6  1-0

[Event "Open"]
[Site "Pamplona ESP"]
[Date "2003.12.28"]
[Round "9"]
[White "Pogorelov,R"]
[Black "Ivanov,J"]
[Result "1-0"]
[WhiteElo "2475"]
[BlackElo "2426"]

1.Nf3 d5 2.d4 Nf6 3.c4 dxc4 4.e3 e6 5.Bxc4 c5 6.O-O cxd4 7.exd4 Nc6 8.Nc3 Be7
9.Bg5 O-O 10.Qd2 Nd5 11.Be3 Na5 12.Bd3 b6 13.Rad1 Bb7 14.Qe2 Rc8 15.Bd2 Nxc3
16.Bxc3 Qd5 17.Rfe1 Bf6 18.Qe3 Qh5 19.Ne5 Qg5 20.Qh3 Qh4 21.Nd7 Qxh3 22.gxh3 Rfe8
23.Nxf6+ gxf6 24.d5 exd5 25.Bxf6 Nc4 26.Bd4 h6 27.f3 Bc6 28.Kf2 Rxe1 29.Rxe1 Kf8
30.b3 Nd6 31.Be3 Kg7 32.Rg1+ Kf6 33.Bxh6 Bb5 34.Bb1 Ke6 35.Re1+ Kd7 36.Bg7 Ne8
37.Bd4 Nc7 38.h4 Ne6 39.Bf5 Bd3 40.Bxd3 Nxd4 41.Rg1 Ne6 42.Rg4 Kd6 43.h5 Rh8
44.Rh4 Ke5 45.h6 Nf4 46.Bf1 f5 47.h7 Ne6 48.Rh5 Ng7 49.Rh6 Ne8 50.Ke3 Nf6
51.f4+ Ke6 52.Kd4 Rxh7 53.Rxh7 Nxh7 54.Ba6 Nf6 55.Bc8+ Kd6 56.Bxf5 Nh5 57.Ke3 Kc5
58.Bg6 d4+ 59.Kf3 Nf6 60.h4 Kb4 61.h5 Kc3 62.h6 d3 63.h7 d2 64.Ke2  1-0

[Event "Open"]
[Site "Praha CZE"]
[Date "2004.01.17"]
[Round "2"]
[White "Meduna,E"]
[Black "Mrna,V"]
[Result "1-0"]
[WhiteElo "2432"]
[BlackElo "2138"]

1.d4 d5 2.c4 dxc4 3.Nf3 Nf6 4.e3 e6 5.Bxc4 c5 6.O-O cxd4 7.exd4 Be7 8.Nc3 O-O
9.Re1 Nc6 10.a3 b6 11.Qd3 Bb7 12.Bd2 Rc8 13.Rac1 Qc7 14.Ba2 Rfd8 15.Bg5 Na5
16.Ne5 Nd5 17.Bb1 g6 18.Nb5 Qb8 19.Nxf7 Kxf7 20.Qh3 Bxg5 21.Qxh7+ Kf8 22.Bxg6 Rd7
23.Qh8+  1-0

[Event "Testa GM"]
[Site "Griesheim GER"]
[Date "2004.01.20"]
[Round "1"]
[White "Savchenko,S"]
[Black "Murdzia,P"]
[Result "1/2-1/2"]
[WhiteElo "2543"]
[BlackElo "2445"]

1.d4 d5 2.c4 dxc4 3.Nf3 Nf6 4.e3 e6 5.Bxc4 c5 6.O-O a6 7.dxc5 Qxd1 8.Rxd1 Bxc5
9.Be2 O-O 10.Nbd2 Rd8 11.Ne5 b6 12.Nb3 Rxd1+ 13.Bxd1 Bf8 14.Bd2 Nbd7 15.Bf3 Nd5
16.Nxd7 Bxd7 17.Rc1 Rc8 18.Rxc8 Bxc8 19.Bxd5 exd5 20.Bc3 Bd6 21.Bd4 Bc7 22.Nc1 f6
23.Ne2 Bd7 24.Nc3 Bc6 25.f4 Kf7 26.Kf2 Ke6 27.g4 Be8 28.Ne2 h5 29.h3 hxg4
30.hxg4 g6 31.Bc3 Bd6 32.a3 a5 33.Nd4+ Kf7 34.b4 Bd7 35.Kf3 Ba4 36.Ke2 Bd7
37.Kf3 Ba4 38.Kg3 Bd7 39.Nf3 Be7 40.Nd4 Bd6 41.Nf3 Be7 42.Bd2 Ba4 43.Nd4 Bd6  1/2-1/2

[Event "1st WinTV Open"]
[Site "Chennai IND"]
[Date "2004.01.24"]
[Round "5"]
[White "Arindam,M"]
[Black "Shrestha,K"]
[Result "1-0"]
[WhiteElo "2308"]
[BlackElo "2196"]

1.d4 d5 2.c4 dxc4 3.Nf3 Nf6 4.e3 e6 5.Bxc4 c5 6.O-O a6 7.Nc3 b5 8.Be2 Bb7
9.a3 Nbd7 10.dxc5 Bxc5 11.b4 Be7 12.Bb2 O-O 13.Qb3 Qb6 14.Rfd1 Rac8 15.Rac1 Rfd8
16.h3 Nd5 17.Ne4 N7f6 18.Bd4 Rxc1 19.Rxc1 Nxe4 20.Bxb6 Nxb6 21.Qc2 Bd6 22.Bd3 Nf6
23.Ng5 h6 24.Ne4 Nxe4 25.Bxe4 Nd5 26.Bxd5 Bxd5 27.e4 Bc4 28.Rd1 Kf8 29.e5 Bc7
30.Rxd8+ Bxd8 31.Qh7 g6 32.Qxh6+ Ke7 33.Qe3 Bc7 34.Qc5+ Kd7 35.f4 a5 36.bxa5 Bxa5
37.a4 Bd8 38.axb5 Bd5 39.Qf8 Bb6+ 40.Kh1  1-0